MARC

LEADER 00000nas a22000007a 4500
001 ssj0001856
003 WaSeSS
005 20200512172242.0
006 m d
007 cr n
008 050614c18979999nyuqr pss 0 a0eng
010 |a  2011201711 
022 |a 2162-7231  |y 0030-7076 
035 |a (WaSeSS)ssj0001856 
037 |b Outdoor Life, P.O. Box 420235, Palm Coast, FL 32142-0235 
037 |a 31289C44-CDC1-4E44-B5D2-3F405A6EB22B  |b OverDrive, Inc.  |n http://www.overdrive.com 
040 |a OCLCS  |b eng  |c OCLCS  |d OCLCQ  |d TXU  |d AZU  |d AU@  |d TXJ  |d OCLCQ  |d B3G  |d DLC  |d OCLCQ  |d COO  |d OCLCO  |d TEF  |d OCLCF  |d OCLCQ  |d RECBK  |d ZAC  |d OCLCE  |d CCT  |d LND  |d TEFOD  |d WT2  |d MR7  |d OCLCQ  |d UUM  |d OCLCO  |d OCL  |d WaSeSS 
042 |a pcc  |a nsdp  |a dlr 
043 |a n-usp-- 
050 4 |a SK1  |b .O7 
082 1 0 |a 796  |2 14 
082 1 4 |a 796  |2 11 
130 0 |a Outdoor life (Denver, Colo. : Online) 
222 0 |a Outdoor life  |b (New York., N.Y. Online) 
245 1 0 |a Outdoor life  |h [electronic resource]. 
260 |3 <1897- <Jan. 1986  |a Denver, Colo. :  |b Outdoor Life Pub. Co. 
260 2 |3 <Feb. 1986- 2007  |a New York, NY :  |b Times Mirror Magazine 
260 3 |3 2008 -  |a Palm, Coast, FL :  |b Bonnier Corp. 
310 |a Quarterly,  |b spring 2018- 
321 |a Monthly,  |b 1897-1996 
321 |a Ten times a year,  |b 1997-2015 
321 |a 9 times a year (combined issues Dec./Jan., Feb./Mar. and June/July),  |b 2016-Feb./Mar. 2018 
362 1 |a Print began with v. 1 in 1897? 
500 |a "The national outdoor magazine with regional news." 
506 |a License restrictions may limit access. 
538 |a Master and use copy. Digital master created according to Benchmark for Faithful Digital Reproductions of Monographs and Serials, Version 1. Digital Library Federation, December 2002.  |u http://purl.oclc.org/DLF/benchrepro0212  |5 MiAaHDL 
583 1 |a digitized  |c 2011  |h HathiTrust Digital Library  |l committed to preserve  |2 pda  |5 MiAaHDL 
588 |a Description based: Vol. 181, issue 1 (Jan. 1988); title from PDF cover (ProQuest's website, viewed on Aug. 3, 2011). 
588 |a Latest issue consulted: Vol. 225, no. 3 (spring 2018). 
650 0 |a Hunting  |z West (U.S.)  |v Periodicals. 
650 0 |a Fishing  |z West (U.S.)  |v Periodicals. 
650 0 |a Outdoor life  |z West (U.S.)  |v Periodicals. 
650 6 |a Chasse  |z États-Unis (Ouest)  |v Périodiques. 
650 6 |a Plein air  |z États-Unis (Ouest)  |v Périodiques. 
650 6 |a Pêche sportive  |z États-Unis (Ouest)  |v Périodiques. 
650 7 |a Fishing.  |2 fast  |0 (OCoLC)fst00926650 
650 7 |a Hunting.  |2 fast  |0 (OCoLC)fst00964162 
650 7 |a Outdoor life.  |2 fast  |0 (OCoLC)fst01049140 
651 7 |a West United States.  |2 fast  |0 (OCoLC)fst01243255 
655 0 |a Electronic journals. 
776 0 8 |i Print version:  |t Outdoor life (Denver, Colo.)  |x 0030-7076  |w (DLC) 87655581  |w (OCoLC)1761598 
780 0 5 |t Pacific sportsman  |g 1907 
780 0 5 |t Outdoor recreation  |g Sept. 1927 
780 0 5 |t Fisherman  |g Nov. 1958 
856 4 0 |z Full text available from Research Library: 01/01/1988 to 12/31/1999  |u https://search.proquest.com/publication/746 
856 4 0 |z Full text available from Research Library: 07/02/2003 to present  |u https://search.proquest.com/publication/746